Stata data management reference manual : (Registro nro. 19500)

Detalles MARC
000 -CABECERA
Campo de control 01028cam a22002777a 4500
005 - FECHA Y HORA DE LA ULTIMA TRANSACCION
Campo de control 20170515092912.0
008 - ELEMENTOS DE LONGITUD FIJA—INFORMACION GENERAL
Campo de control 090408s2007 txua 001 0 eng d
020 ## - ISBN
ISBN 1597180300
020 ## - ISBN
ISBN 9781597180306
040 ## - FUENTE DE CATALOGACIÓN
Agencia catalogadora original MYG
Agencia transcriptora MYG
Agencia Modificadora NLGGC
-- MUQ
-- DRB
-- YDXCP
-- DLC
041 0# - IDIOMA
Código de idioma para texto/pista de sonido o título separado Inglés
044 ## - PAÍS DE PUBLICACIÓN
País de publicación Estados Unidos
082 04 - NUMERO DE CLASIFICACION DECIMAL DEWEY
Número de clasificación 005.55
Número del ítem S79a11
245 00 - MENCION DE TITULO
Título Stata data management reference manual :
Parte restante del título release 10.
246 14 - FORMA VARIANTE DEL TITULO
Título propiamente dicho/forma breve del título Stata release 10 :
Parte restante del título data management
246 18 - FORMA VARIANTE DEL TITULO
Título propiamente dicho/forma breve del título Stata 10 data management
260 ## - PUBLICACION, DISTRIBUCION, ETC. (PIE DE IMPRENTA)
Lugar de publicación, distribución, etc. College Station, Tex. :
Nombre del editor, distribuidor, etc. StataCorp LP,
Fecha de publicación, distribución, etc. c2007.
300 ## - DESCRIPCION FISICA
Extensión vi, 548 páginas :
Otros detalles físicos ilustraciones ;
Dimensiones 24 x 19 cm.
500 ## - NOTA GENERAL
Nota general Incluye índices.
630 #0 - ASIENTO SECUNDARIO DE MATERIA - TITULO UNIFORME
Uniform title Stata (Software)
Form subdivision Guías, manuales, etc.
9 (RLIN) 81524
650 26 - ASIENTO SECUNDARIO DE MATERIA - TERMINO TEMATICO
Término temático o nombre geográfico como elemento de entrada Estadísticas
Subdivisión general Procesamiento de datos
9 (RLIN) 81525
650 26 - ASIENTO SECUNDARIO DE MATERIA - TERMINO TEMATICO
Término temático o nombre geográfico como elemento de entrada Estadísticas
Subdivisión general Métodos de gráficación
-- Programas de ordenador
9 (RLIN) 81526
650 26 - ASIENTO SECUNDARIO DE MATERIA - TERMINO TEMATICO
Término temático o nombre geográfico como elemento de entrada Ciencias sociales
Subdivisión general Estadística
-- Programas de ordenador
Subdivisión de forma Guías, manuales, etc.
9 (RLIN) 81527
710 2# - ASIENTO SECUNDARIO - NOMBRE CORPORATIVO
Nombre corporativo o de jurisdicción como elemento de entrada Stata Corporation
9 (RLIN) 81471
942 ## - ELEMENTOS ADICIONALES (KOHA)
Sistema de clasificación Dewey Decimal Classification
Tipo de ítem Libro
Existencias
Withdrawn status Lost status Sistema de Clasificación Damaged status No para préstamo Colección Ubicación Permanente Ubicación actual Fecha de adquisición Total Checkouts Número topográfico Inventario / Código de Barras Date last seen Ejemplar Price effective from Forma de adquisición Tipo de material
    Dewey Decimal Classification     TIC Villa de Leyva Villa de Leyva 15/05/2017   LB-005.55 S79a11 041245 15/05/2017 Ej. 1 15/05/2017 Donación Libro